| 000 | 00563nam a22001817a 4500 | ||
|---|---|---|---|
| 999 |
_c8876 _d8876 |
||
| 008 | 210302b ||||| |||| 00| 0 eng d | ||
| 040 | _aBMS College of Architecture | ||
| 100 | _aUdupa, Samyuktha | ||
| 245 | _aRasya the food experience centre | ||
| 300 | _a43p. | ||
| 500 | _a1BM10AT055 | ||
| 502 |
_8B.Arch _NBMS College of Architecture, Visvesvaraya Technological University (VTU) _aProject Report _d2014 |
||
| 650 | _aRasya | ||
| 700 |
_aBhaghyalaxmi M _eGuide |
||
| 700 |
_aDakshayini R, Patil _eGuide |
||
| 700 |
_aShanthala V _eGuide |
||
| 942 |
_2ddc _cTHE |
||